Statistiques concernant films par métiers #19

Cliquez ici pour prendre le quiz!

Statistiques générales

  • Ce quiz a été pris 27 fois
  • Le résultat moyen est 8 sur 20

Statistiques - réponses

HintRéponse% Correct
Roi de Macédoine (Phillipe II)Alexandre (2004)
83%
Astronaute (David Bowman)2001, l'Odyssée de l'espace (1968)
75%
Ouvrier sur une chaîne de production (pas de nom)Les Temps Modernes (1936)
75%
lnspecteur (Axel Foley)Le Flic de Beverly Hills (1984)
71%
Fermiers (Mr et Mme Tweedy)Chicken Run (2000)
63%
Préposée à la vente de tabac et tickets de jeu au bar (Georgette)Le Fabuleux Destin d'Amélie Poulain (2001)
63%
Egyptologue (Glenda Spender)Belphégor, le Fantôme du Louvre (2001)
54%
Animateur TV des émissions Prix à tout prix et Et tu chantes chantes (Fred Costa)Les Vedettes (2022)
50%
Tireur d'élite (Gunnar Jensen)Expendables : Unité spéciale (2010)
38%
Cascadeur (Johnny Blaze)Ghost Rider (2007)
33%
Ambassadeur en Russie/Conseiller/Diplômate (Armand de Caulaincourt)Napoléon (2023)
29%
Journaliste (Marie-Anne Prossant)Inspecteur la Bavure (1980)
25%
Colonel (Rick Flag)Suicide Squad (2016)
25%
Acteur (Hrundi V. Bakshi)La Party / The Party (1968)
21%
Consultant défendant un fabricant d'arme/Spécialiste dans la sélection de jury (Rankin Fitch)Le Maître du jeu (2003)
21%
Scientifique en physique nucléaire (Dr Christmas Jones)Le monde ne suffit pas (1999)
21%
Ecrivain de romans de gare (François Merlin)Le Magnifique (1973)
17%
Commissaire (Broussard)L'Ennemi public no 1 (2008)
17%
Sergent (Bellec)Les Bidasses en folie (1971)
17%
Peintre impressionniste/Employée au vestiaire dans une expo de peinture (Monique La Roche)Le Tour du monde en quatre-vingts jours (2004)
13%

Distribution des résultats

Percentile par nombre de réponses

% des personnes avec chaque résultat

Votre développement - résultats

Vous n’avez pas pris ce quiz